1859 1855 1108 1651 1700 1907 1536 1116 1616 1520 1202 1002 1934 1892 1646 1822 1351 1440 1583 1616 1176 1682 1873 1345 1844 1214 1618 1430 1620 1389 1885 1770 1889 1696 1301 1754 1835 1190 1235 1196 1400 1123 1628 1570 1875 1514 1170 1996 1495 1530 1002 1273 1721 1544 2000 1034 1151 1418 1712 1027 1947 1345 1827 1175 1030 1117 1990 1870 1855 1665 1154 1253 1857 1084 1660 1154 1654 1723 1840 1802 1603 1904 1309 1301 1188 1017 1666 1648 1943 1090 1845 1208 1745 1980 1830 1455 1699 1024 1132 BCNSPRNW ULIB Ver.6.0+V

เปลี่ยนเป็นภาษาไทย

Change to English
 แสดงรายละเอียดบรรณานุกรม
  กลับหน้าหลัก

Brief Record : Get Marc (ISO 2709) : E-mail record : QR code < ปิดหน้าต่าง
LEADER : 00000nam 2200000uu 4500
001    13399126192
003     ULIB
008    180715s||||||||th 000 0 tha d
020    ^a9780521013338
050 00 ^aPE1128^bC172^cV.3
245 10 ^aCambridge practice tests for IELTS 3
260    ^aCambridge :^bCambridge University Press,^c2008
300    ^a172 p.:^bill. ;^c25 cm.
650 00 ^aInternational English Language Testing System.
650 00 ^aEnglish language^xExaminations, questions, etc.
650 00 ^aEnglish language^xTextbooks for foreign speakers
945    ^p0^l0^i26410
999    ^aกัณชพร จุลอักษร
รายการนี้ยังไม่มีแท็ก
คุณยังไม่ได้ล็อกอิน คุณสามารถมีกิจกรรมร่วมกับเว็บไซต์ได้ แต่ต้องล็อกอินก่อน ::
  ล็อกอิน

รายการสื่อสารสนเทศ

ลำดับที่ ประเภท เลขเรียก/บาร์โค้ด สถานที่ สถานะ
1. วิทยาศาสตร์การแพทย์ และสุขภาพ
วิทยาศาสตร์การแพทย์ และสุขภาพ
PE1128 C172 V.3 ฉ.1 
  Barcode: 26410
ห้องสมุดวิทยาเขตนครสวรรค์
►หนังสือทั่วไป:l:General Books
บนชั้น

รายการใกล้เคียง
    ชื่อเรื่อง [Cambridge practice tests for IELTS 3]

    หัวเรื่อง [International English Language Testing System.]

BibComment


ยังไม่เคยถูกคอมเมนท์

คอมเมนท์ทรัพยากรรายการนี้
  คอมเมนท์: Cambridge practi..


 Copyright 2026. Bcnsprnw @Library